Assessing and Treating Physically Abused Children and Their Families : (Record no. 608487)

MARC details
000 -LEADER
fixed length control field 00544nam a2200193 a 4500
008 - FIXED-LENGTH DATA ELEMENTS--GENERAL INFORMATION
fixed length control field 260119s2002##################000#0#eng##
020 ## - INTERNATIONAL STANDARD BOOK NUMBER
ISBN 9780761921493
082 04 - DEWEY DECIMAL CLASSIFICATION NUMBER
Classification number 618.92858223
Item number KOL
100 1# - MAIN ENTRY--AUTHOR NAME
Personal name Kolko, David,
245 10 - TITLE STATEMENT
Title Assessing and Treating Physically Abused Children and Their Families :
260 ## - PUBLICATION, DISTRIBUTION, ETC. (IMPRINT)
Name of publisher SAGE,
Year of publication 2002.
300 ## - PHYSICAL DESCRIPTION
Number of Pages 361 pages
650 #0 - SUBJECT ADDED ENTRY--TOPICAL TERM
Topical Term Family & Relationships.
942 ## - ADDED ENTRY ELEMENTS (KOHA)
Koha item type English Books
Holdings
Withdrawn status Lost status Damaged status Not for loan Home library Current library Shelving location Date acquired Full call number Accession Number Price effective from Koha item type
        Anna Centenary Library Anna Centenary Library 5TH FLOOR, B WING 19.01.2026 618.92858223 KOL 160727 19.01.2026 English Books

Find us on the map